| 000 | 00427cam a2200181ua 4500 | ||
|---|---|---|---|
| 020 | _c3.00 | ||
| 041 |
_ahin _h |
||
| 082 |
_a891.54 _bRAM/NE |
||
| 100 | _aRamdhari Singh, Dinakar. | ||
| 245 |
_aNeel kusum / _cRamdhari singh dinakar. _hTextual Documents |
||
| 250 |
_a3 / _b. |
||
| 260 |
_aPatna : _bUdayanchal , _c1960. |
||
| 300 | _a120 ; . | ||
| 365 | _a3.00 | ||
| 504 | _a | ||
| 942 | _cBK | ||
| 999 |
_c8410 _d8410 |
||